书目信息 |
| 题名: |
德波林学派资料选编
|
|
| 作者: | 张念丰 , 郭燕顺 编译 | |
| 分册: | ||
| 出版信息: | 长春 吉林人民出版社 1982.10 |
|
| 页数: | 495页 | |
| 开本: | 20cm | |
| 丛书名: | ||
| 单 册: | ||
| 中图分类: | B512.54 | |
| 科图分类: | ||
| 主题词: | 哲学--欧洲 | |
| 电子资源: | ||
| ISBN: | ||
| 000 | 00594nam0 2200205 45 | |
| 001 | 0181023879 | |
| 005 | 20060911112224.82 | |
| 010 | @dCNY1.60 | |
| 091 | @a2091.43 | |
| 100 | @a20810111d1982 km y0chiy0120 ea | |
| 101 | 0 | @achi |
| 200 | 1 | @ADE BO LIN XUE PAI ZI LIAO XUAN BIAN@a德波林学派资料选编@f张念丰,郭燕顺等编译@FZhang Nian Feng,Guo Yan Shun Deng Bian Yi |
| 210 | @a长春@c吉林人民出版社@d1982.10 | |
| 215 | @a495页@d20cm | |
| 606 | 0 | @a哲学@x欧洲 |
| 690 | @aB512.54@v3 | |
| 701 | 0 | @a张念丰@4编译 |
| 701 | 0 | @a郭燕顺@4编译 |
| 801 | @aCN@bTSTC@c20060911 | |
| 905 | @dB512.54@e1@f1@b77167 | |
| 德波林学派资料选编/张念丰,郭燕顺等编译.-长春:吉林人民出版社,1982.10 |
| 495页;20cm |
| ISBN :CNY1.60 |
| ● |
| 相关链接 |
|
|
|
|
正题名:德波林学派资料选编
索取号:B512.54/1
 
预约/预借
| 序号 | 登录号 | 条形码 | 馆藏地/架位号 | 状态 | 备注 |
| 1 | 0077165 | 000518103 | 第一样本阅览室/ [索取号:B512.54/1] | 在馆 | |
| 2 | 0077166 | 001833573 | 密集书库/ [索取号:B512.54/1] | 在馆 | |
| 3 | 0077167 | 001666904 | 密集书库/ [索取号:B512.54/1] | 在馆 | |
| 4 | 0469260 | 204692608 | 密集书库/ [索取号:B512.54/1] | 在馆 | |
| 5 | 0471222 | 204712221 | 密集书库/ [索取号:B512.54/1] | 在馆 | |
| 6 | 0471339 | 204713391 | 密集书库/ [索取号:B512.54/1] | 在馆 | |
| 7 | 0471953 | 204719536 | 密集书库/ [索取号:B512.54/1] | 在馆 |